| 000 | 00612nam a22002057a 4500 | ||
|---|---|---|---|
| 005 | 20140314125718.0 | ||
| 010 | _aENG-109466 | ||
| 020 | _c100.00 | ||
| 035 | _aEN-92999 | ||
| 037 | _bDBAD/PUB | ||
| 082 | _a614 | ||
| 100 | _aSorna Raj,R. | ||
| 245 | 0 | 0 |
_aPublic health and hygiene / _cby R. Sorna Raj [and] V. Kumaresan |
| 260 |
_aKanyakumari _bSaras Publicaton _c2010 |
||
| 270 |
_a114/35G, A.R.P. Camp Road, Periavilai, Kottar, Nagercoil _bKanyakumari _e629002 |
||
| 300 |
_axi,249p _c22cm(pbk) |
||
| 500 | _aIncludes index | ||
| 700 | _aKumaresan, V. | ||
| 942 |
_2ddc _cEN _mSOR _h614 |
||
| 999 |
_c82748 _d82748 |
||